OPAC Home

A Comparative Grammar of the Dravidian or South-Indian family of Languages (Record no. 87653)

MARC details
000 -LEADER
fixed length control field 00568nam a2200193Ia 4500
003 - CONTROL NUMBER IDENTIFIER
control field LK-CoDNM
005 - DATE AND TIME OF LATEST TRANSACTION
control field 20240731155149.0
008 - FIXED-LENGTH DATA ELEMENTS--GENERAL INFORMATION
fixed length control field 010623t1913 xxu||||| |||| 00| 1 eng d
040 ## - CATALOGING SOURCE
Original cataloging agency LK-CoDNM
Modifying agency LK-CoDNM
Description conventions LK-CoDNM
041 ## - LANGUAGE CODE
Language code of text/sound track or separate title English
080 ## - UNIVERSAL DECIMAL CLASSIFICATION NUMBER
Universal Decimal Classification number 8
Item number M2
942 ## - ADDED ENTRY ELEMENTS (KOHA)
Koha item type Books
100 ## - MAIN ENTRY--PERSONAL NAME
Personal name Caldwell,Robert.
700 ## - ADDED ENTRY--PERSONAL NAME
Personal name Pillai,T.Ramakrishna.
700 ## - ADDED ENTRY--PERSONAL NAME
Personal name Wyatt,J.L.
245 ## - TITLE STATEMENT
Title A Comparative Grammar of the Dravidian or South-Indian family of Languages
260 ## - PUBLICATION, DISTRIBUTION, ETC. (IMPRINT)
Name of publisher, distributor, etc. Kegan Paul,Trench,Trubner and Company
Place of publication, distribution, etc. London
Date of publication, distribution, etc. 1913
300 ## - PHYSICAL DESCRIPTION
Other physical details xl, 640p ; 21 260: Third cm
Holdings
Withdrawn status Lost status Damaged status Not for loan Collection code Permanent Location Current Location Shelving location Date acquired Full call number Barcode Koha item type
    Damaged   Old Books Collection Library National Museum Colombo - Sri Lanka Library National Museum Colombo - Sri Lanka Reference 2024-07-31 8 M2 OB4012 Books
Copyright © 2023 Department of National Museum, Colombo 07, Sri Lanka Funded by UNESCO IFAP UNESCO